Cuentos de monte y río
Enregistré dans:
| Auteur principal: | |
|---|---|
| Format: | Livre |
| Langue: | espagnol |
| Publié: |
Buenos Aires
Kapelusz
1997
|
| Collection: | Grandes Obras de la Literatura Universal
|
| Sujets: | |
| Tags: |
Ajouter un tag
Pas de tags, Soyez le premier à ajouter un tag!
|
MARC
| LEADER | 00000nam a2200000 a 4500 | ||
|---|---|---|---|
| 001 | UCH6651 | ||
| 003 | CL-VaPUC | ||
| 008 | 091109e19970000AG |||||||||||||||||spa|d | ||
| 020 | |a 9501323110 | ||
| 082 | 0 | 4 | |a Ur863 |b QUI |2 21 |
| 100 | |a Quiroga, Horacio |e author |9 371721 | ||
| 245 | 1 | 0 | |a Cuentos de monte y río |
| 300 | |a 166 p | ||
| 942 | |c BK | ||
| 945 | |d 20091109 00:00:00 |a lazolas | ||
| 260 | |a Buenos Aires |b Kapelusz |c 1997 | ||
| 650 | 0 | |a Cuentos uruguayos |9 265136 | |
| 583 | |a last modification |c 20091109 00:00:00 |k Rodrigo Vera | ||
| 490 | 0 | |a Grandes Obras de la Literatura Universal | |
| 999 | |c 337500 |d 337498 | ||